Регионална библиотека "Любен Каравелов" - Русе

Стрихнин и йоркширски териери (Запис номер 79381)

MARC детайли
000 -Лидер
Контролно поле с фиксирана дължина 01655nam a2200361 c 4500
003 - Код на организацията, давaща контролен номер
Контролно поле BLK
005 - Дата и час на последна редакция
Контролно поле 20240105114427.0
008 - Елементи от данни с фиксирана дължина
fixed length control field 180408b bul|||||r ||||||| ||bul||
010 ## - Наследен системен номер
LC control number KNG00083855000
020 ## - Международен стандартен номер на книга ISBN
Международен стандартен номер на книга ISBN 978-954-761-276-1
-- издат.: ИнфоДар
040 ## - Източник на каталожния запис
Идентификатор на билиотеката - собственик на записа BLK
041 ## - Код за език
Код за езика на текст/звукозапис или на отделно заглавие Български
Код за езика КДБФ Български
080 ## - УДК
Текстов определител УДК Руска литература
УДК код - определител по УДК 821.161.1
УДК определител -312.4
УДК - код + определител 821.161.1-312.4
100 1# - Редна дума - Автор
Автор Донцова, Даря
Авторска отговорност първи автор
Автор - информация (биография) Донцова, Агрипина Аркадиевна
R(LIN) 294181
139 ## - Редно поле
Редна дума Донцова, Даря
Авторски знак Дон - Д 77
245 10 - Сведения за заглавието
Заглавие Стрихнин и йоркширски териери
Подзаглавни данни Роман
Редно поле (дума) Даря Донцова; прев. от рус. Галина Нисим Меламед; * Агрипина Аркадиевна Донцова.
257 ## - Страна на издаване
Страна на създаване/издаване Русия
260 ## - Област на издателските данни
-- София
Име на издателя, разпространителя и проч. ИнфоДар
Година на издаване 2007
300 ## - Физическа характеристика
Страници 516 с.
Размери/Мащаб 17 см
380 ## - Жанр
Жанр Худож. лит.
490 1# - СЕРИИ (Колекции)
Име на серия Ироничен детектив : Любителски детектив Даша Василева
№: серия 4
500 ## - Общи забележки
Забележка Ориг. загл. Дама с коготками / Д. Донцова. - Истинското име на авт. е Агрипина Аркадиевна Донцова. - Офс. изд.
653 ## - Ключова дума – ненормативна
Ключова дума крими
653 ## - Ключова дума – ненормативна
Ключова дума романи
700 1# - Други автори (авторска отговорност)
Лично име Меламед, Галина Нисим
Автороска отговорност (Описва отношението между автора и произведението) прев. от рус.
9 (RLIN) 365204
700 1# - Други автори (авторска отговорност)
Лично име Донцова, Агрипина Аркадиевна
Автороска отговорност (Описва отношението между автора и произведението) *
9 (RLIN) 292807
852 ## - Местоположение
Форматна сигнатура Цб І 33032
856 4# - Електронен адрес и достъп
Електронен формат pdf - файл
Път до файла /url/
856 4# - Електронен адрес и достъп
Електронен формат pdf - файл
Път до файла /url/
942 ## - АРТИКУЛИ
Вид на библиотечния материал Книги
Скрит в OPAC Не
Koha issues (borrowed), all copies 9
944 ## - СЪЗДАВАНЕ И РЕДАКЦИЯ на ЗАПИСА
Създаване/Редакция Създаване
Дата на регистрацията/редакция 21.05.2008
Служител, извършил регистрацията/редакцията 30530
Статус, дата на статуса Минев Младен
944 ## - СЪЗДАВАНЕ И РЕДАКЦИЯ на ЗАПИСА
Създаване/Редакция Редакция
Дата на регистрацията/редакция 10.09.2009
Служител, извършил регистрацията/редакцията
999 ## - СИСТЕМНИ КОНТРОЛНИ НОМЕРА
Koha biblionumber 79381
Koha biblioitemnumber 79381
Наличности
Код за отписване Код за изгубен артикул Код за повреда Коз за рестрикции Код за отдаване Артикулен № Име на библиотеката - собственик Име на библиотеката, в която се намира в момента Статус (Текущо местоположение) Дата на вписване в системата Местоположение - отдел Цена в лева Инвентарен номер Систематично азбучна сигнатура Баркод Номер на екземпляра Цена в евро Служебна бележка Служебен тип на артикула
Изтеглен Не е изгубен Не е повреден без рестрикции заемане за дома 128507 Регионална библиотека "Любен Каравелов" Русе Регионална библиотека "Любен Каравелов" Русе Заемна - подръчен фонд 2008-05-21 Заемна - подръчен фонд 9.00 120000726492 П 882-31/Д 77 120000726492 1 4.60 Дост: Pk Вид: Ф N: 3680 Дата: 15.05.2008 Дата инв: 09.02.2018 Бележки инв: П2018 Книги
  Не е изгубен Не е повреден без рестрикции ползва се в читалня 128508 Регионална библиотека "Любен Каравелов" Русе Регионална библиотека "Любен Каравелов" Русе Хранилище 2008-11-17 Хранилище 9.00 120000731510 Цб І 33032 120000731510 2 4.60 Дост: Dp Вид: Д N: 30 Дата: 09.07.2008 Книги
  Не е изгубен Не е повреден без рестрикции заемане за дома 128509 Регионална библиотека "Любен Каравелов" Русе Регионална библиотека "Любен Каравелов" Русе Заемна - подръчен фонд 2009-08-27 Заемна - подръчен фонд 9.00 120000737747 П 882-31/Д 77 120000737747 3 4.60 Дост: DA Вид: А N: 10 Дата: 27.08.2009 Дата инв: 09.02.2018 Бележки инв: П2018 Книги
Vip Innovations Ltd, Rousse, Bulgaria 2025